000 00208nam a2200109Ia 4500
100 _aWINKLER/JOHN
942 _cBK
245 _aCOMPANY SURVIVAL DURING.
260 _b#N/A
546 _aENGLISH
999 _c32398
_d32398